International accounting standard IAS 41 - agriculture

Guardado en:
Detalles Bibliográficos
Autor principal: Lukáč, Jozef, 1991-
Formato: Capítulo de libro
Lenguaje:inglés
Etiquetas: Agregar Etiqueta
Sin Etiquetas, Sea el primero en etiquetar este registro!

MARC

LEADER 00000nla a2200000 4500
001 0238234
005 20240502073844.5
041 0 |a eng 
044 |a SK 
245 1 0 |a International accounting standard IAS 41 - agriculture  |c Jozef Lukáč 
500 |a Abstrakt 
100 1 |a Lukáč, Jozef, 1991-